000 00456cam a22001337a 4500
008 180718b1974 xxu||||| |||| 00| 0 eng d
082 _aT3942x54 In2/RU/1971
100 _aTariff Commission
245 _aReport on the fair selling prices of Synthetic Rubber, Bombay, 1971
_cby Tariff Commission, India
260 _aDelhi
_bThe Controller of Publications
_c1974
300 _a140+p.
500 _aChairman: B.N. Banerji
700 _aBanerji, B.N. (Chairman)
999 _c489775
_d489775